Calculus : late transcendentals (Record no. 355176)

000 -LEADER
fixed length control field 01333nam a22002057a 4500
003 - CONTROL NUMBER IDENTIFIER
control field NUST
005 - DATE AND TIME OF LATEST TRANSACTION
control field 20180118174303.0
008 - FIXED-LENGTH DATA ELEMENTS--GENERAL INFORMATION
fixed length control field 180118b xxu||||| |||| 00| 0 eng d
020 ## - INTERNATIONAL STANDARD BOOK NUMBER
International Standard Book Number 9781118092484
082 ## - DEWEY DECIMAL CLASSIFICATION NUMBER
Classification number 515 ANT
100 ## - MAIN ENTRY--PERSONAL NAME
Personal name Anton, Howard
9 (RLIN) 8661
245 ## - TITLE STATEMENT
Title Calculus : late transcendentals
250 ## - EDITION STATEMENT
Edition statement 10th ed.
260 ## - PUBLICATION, DISTRIBUTION, ETC.
Place of publication, distribution, etc. New York
Name of publisher, distributor, etc. John Wiley
Date of publication, distribution, etc. 2013
650 ## - SUBJECT ADDED ENTRY--TOPICAL TERM
Topical term or geographic name entry element Calculus
9 (RLIN) 56
700 ## - ADDED ENTRY--PERSONAL NAME
Personal name Howard Anton
9 (RLIN) 8931
942 ## - ADDED ENTRY ELEMENTS (KOHA)
Koha item type Book
Source of classification or shelving scheme
Edition 10th
Holdings
Withdrawn status Lost status Source of classification or shelving scheme Materials specified (bound volume or other part) Damaged status Not for loan Permanent Location Current Location Shelving location Date acquired Total Checkouts Full call number Barcode Checked out Date last seen Date last checked out Price effective from Koha item type
      PB     School of Natural Sciences (SNS) School of Natural Sciences (SNS) Book Cart 01/18/2018 3 515 ANT SNS0002265 11/20/2022 10/21/2022 10/21/2022 01/18/2018 Book
© 2023 Central Library, National University of Sciences and Technology. All Rights Reserved.